000 00542cab a2200193 4500
001 X94768
008 090401t1998 xxu||||| |||| 00| 0 eng d
035 _a(Sirsi) u89401
041 _aeng
245 _aShopping centres progress 1998-1999
260 _c1998
350 _a0
490 _aEstates Gazette
_v(9844) 31 October 1998, (168)
520 _aBound with copy of Estates Gazette.
650 _aSHOPPING CENTRES PROGRESS 1998-1999
690 _aPROPERTY-COMMERCIAL PROPERTY-RETAIL PROPERTY
942 _n0
948 _c02/11/1998
999 _c56549
_d56549